Memorias del primer simposio científico sobre pueblos indígenas de Costa Rica/

En esta ponencia se analizan las modificaciones en el habitat geográfico de la población indígena de Talamanca, específicamente los Bribris, desde la época de la conquista. Tales cambios, según el ponente, han producido alteraciones en la cultura indígena. Los mismos han sido producidos tanto por el...

Descripció completa

Guardat en:
Dades bibliogràfiques
Autor principal: Barrantes, Ramiro
Altres autors: Bozzoli de Wille, María Eugenia, Gudiño Fernández, Patricia
Format: Desconegut
Publicat: San Pedro de M. de O.: MOPT. Instituto Geográfico de Costa Rica
Matèries:
Etiquetes: Afegir etiqueta
Sense etiquetes, Sigues el primer a etiquetar aquest registre!

MARC

LEADER 00000 a2200000 04500
001 13151
003
008 991231s d
040
020 |a 9977-61-000-2  
022 |a 9977-61-000-2  
090 |a EXTRAVIADO  
100 1 |a Barrantes, Ramiro 
245 |a Memorias del primer simposio científico sobre pueblos indígenas de Costa Rica/  |c Ramiro Barrantes  
260 |a San Pedro de M. de O.:   |b MOPT. Instituto Geográfico de Costa Rica  
300 |a 219 p.  
520 |a En esta ponencia se analizan las modificaciones en el habitat geográfico de la población indígena de Talamanca, específicamente los Bribris, desde la época de la conquista. Tales cambios, según el ponente, han producido alteraciones en la cultura indígena. Los mismos han sido producidos tanto por el hombre, en mayor escala, como por la naturaleza. En el trabajo se estudian las causas históricas de los cambios y sus efectos geográficos. HMB/mb  
650 |a TALAMANCA, CLI  
650 |a AMERINDIOS  
650 |a CULTURA  
650 |a DISTRIBUCION GEOGRAFICA  
650 |a CONQUISTA  
650 |a CAMBIO CULTURAL  
650 |a COLONIALISMO  
650 |a TALAMANCA, CLI  
650 |a SUELOS  
700 |a Bozzoli de Wille, María Eugenia  
700 |a Gudiño Fernández, Patricia  
999 |c 10379  |d 10379